000 00715nam a2200181Ia 4500
003 GCL
008 140319s9999 xx 000 0 ara d
040 _aGCL /
_cGCL
082 0 4 _a259
_bاف
100 1 _aابن تيمية : تقى الدين ابوالعباس احمد بن عبدالحليم
245 1 0 _aالفتاوى الكبرى /
_cابن تيمية : تقى الدين ابوالعباس احمد بن عبدالحليم
260 _aالقاهرة :
_bالنور الاسلامية للطبع والنشر والتوزيع
490 _a
650 0 4 _aالفتاوى الشرعية
650 0 4 _aالشريعة الاسلامية
650 0 4 _aالاحكام الاسلامية
942 _2ddc
_cBK
999 _c28987
_d28987